[Event "HUN-chT2 Erkel 1819"]
[Site "Hungary"]
[Date "2019.03.31"]
[Round "8.3"]
[White "Juracsik, Jozsef"]
[Black "Tornai, Imre"]
[Result "1/2-1/2"]
[WhiteElo "2093"]
[BlackElo "2100"]
[PlyCount "145"]
[EventDate "2018.10.28"]
[EventType "team-tourn"]
[EventRounds "9"]
[EventCountry "HUN"]
[SourceTitle "EXT 2021"]
[Source "ChessBase"]
[SourceDate "2020.10.23"]
[SourceVersion "1"]
[SourceVersionDate "2020.10.23"]
[SourceQuality "1"]
[WhiteTeam "Andornaktalya"]
[BlackTeam "Vac"]
[WhiteTeamCountry "HUN"]
[BlackTeamCountry "HUN"]

1. e4 e5 2. Nf3 Nc6 3. Bc4 Bc5 4. c3 Nf6 5. d3 d6 6. b4 Bb6 7. a4 a6 8. 0-0 0-0 9. Qb3 Qe7 10. h3 Nd8 11. a5 Ba7 12. Na3 Ne6 13. Qd1 c6 14. Bb3 Nh5 15. Kh2 Qf6 16. Nc4 Nef4 17. Nb6 Bxb6 18. axb6 Qg6 19. Rg1 Nf6 20. Bxf4 exf4 21. Re1 Qh5 22. Ra5 d5 23. exd5 cxd5 24. Kg1 Be6 25. Re5 Qh6 26. Qd2 Nd7 27. Re1 Nxb6 28. Nd4 Rfe8 29. Raa1 Qf6 30. f3 g5 31. Re2 Bd7 32. Rae1 Rxe2 33. Rxe2 Re8 34. Rxe8+ Bxe8 35. Qe1 Kf8 36. Qf2 Bd7 37. Qa2 Qd6 38. Qf2 h6 39. Ne2 Ke7 40. Qd4 f6 41. Kf2 Be6 42. h4 Nd7 43. hxg5 hxg5 44. Ke1 Qb6 45. Qxb6 Nxb6 46. Nd4 Kd6 47. Bd1 Bd7 48. Be2 Ba4 49. Kd2 Ke5 50. Bf1 Nc8 51. Be2 Ne7 52. Bf1 Ng6 53. Be2 Nh4 54. Bf1 f5 55. Kc1 g4 56. Kd2 Bd7 57. Kc1 Bb5 58. Kd2 b6 59. Ke2 Bd7 60. Nb3 Ba4 61. Nd4 Ng6 62. Kd2 Kf6 63. Ke1 Ke5 64. Kd2 Nf8 65. Be2 Bd7 66. Nb3 Kf6 67. Ke1 Kg5 68. Kf2 Ne6 69. d4 Bb5 70. Bxb5 axb5 71. Nc1 Nd8 72. Nd3 Nf7 73. Ke1 1/2-1/2

[Event "Budapest-chT1 Lilienthal 1718"]
[Site "Budapest"]
[Date "2018.03.18"]
[Round "12"]
[White "Persanyi, Barnabas"]
[Black "Tornai, Imre"]
[Result "1-0"]
[WhiteElo "2195"]
[BlackElo "2083"]
[PlyCount "81"]
[EventDate "2017.10.01"]
[EventType "team-tourn"]
[EventRounds "13"]
[EventCountry "HUN"]
[SourceTitle "EXT 2021"]
[Source "ChessBase"]
[SourceDate "2020.10.23"]
[SourceVersion "1"]
[SourceVersionDate "2020.10.23"]
[SourceQuality "1"]
[WhiteTeam "Mattolda"]
[BlackTeam "Budapest Ujpest KSE"]
[WhiteTeamCountry "HUN"]
[BlackTeamCountry "HUN"]

1. c4 e6 2. Nf3 Nf6 3. g3 b6 4. Bg2 Bb7 5. 0-0 Be7 6. b3 c5 7. Bb2 0-0 8. Nc3 Nc6 9. d4 cxd4 10. Nxd4 Qc8 11. Ne4 Nxe4 12. Bxe4 Nxd4 13. Qxd4 Bf6 14. Bxb7 Bxd4 15. Bxc8 Bxb2 16. Rab1 Rfxc8 17. Rxb2 Kf8 18. Rd1 Ke7 19. Rbd2 Rc7 20. Rd6 Rd8 21. e4 f6 22. f4 Rc6 23. R6d4 e5 24. Rd5 d6 25. Kf2 Rc5 26. Rxc5 dxc5 27. Rxd8 Kxd8 28. fxe5 fxe5 29. Kf3 Ke7 30. Kg4 Kf6 31. Kh5 a6 32. a3 b5 33. a4 bxa4 34. bxa4 a5 35. g4 h6 36. h3 Kf7 37. g5 hxg5 38. Kxg5 g6 39. h4 Kg7 40. h5 gxh5 41. Kxh5 1-0

[Event "HUN-chT2 Erkel 1213"]
[Site "Hungary"]
[Date "2013.04.21"]
[Round "11.2"]
[White "Tornai, Imre"]
[Black "Bencze, Laszlo"]
[Result "0-1"]
[WhiteElo "2179"]
[BlackElo "2200"]
[PlyCount "104"]
[EventDate "2012.09.16"]
[EventType "team-tourn"]
[EventRounds "11"]
[EventCountry "HUN"]
[SourceTitle "EXT 2014"]
[Source "ChessBase"]
[SourceDate "2013.11.20"]
[SourceVersion "1"]
[SourceVersionDate "2013.11.20"]
[SourceQuality "1"]
[WhiteTeam "Foti"]
[BlackTeam "Dunaharaszti"]
[WhiteTeamCountry "HUN"]
[BlackTeamCountry "HUN"]

1. e4 c6 2. Nc3 d5 3. d4 dxe4 4. Nxe4 Bf5 5. Ng3 Bg6 6. Nf3 Nd7 7. h4 h6 8. h5 Bh7 9. Bd3 Bxd3 10. Qxd3 Qc7 11. Bd2 Ngf6 12. 0-0-0 e6 13. Ne4 Nxe4 14. Qxe4 Nf6 15. Qe2 0-0-0 16. c4 c5 17. Rh4 cxd4 18. Nxd4 Bc5 19. Nb3 Rd7 20. Nxc5 Qxc5 21. Be3 Rxd1+ 22. Qxd1 Qa5 23. a3 Rd8 24. Qe2 a6 25. c5 Rd5 26. g4 Qa4 27. Qc2 Qc6 28. b4 Re5 29. Bd4 Re1+ 30. Kd2 Rf1 31. Ke2 Qg2 32. c6 Ne4 33. cxb7+ Kxb7 34. Rh2 Ng3+ 35. Kd3 Qxh2 36. Qc5 Rd1+ 37. Kc2 Rxd4 38. Qxd4 Nh1 39. Qxg7 Qxf2+ 40. Kb3 Qf3+ 41. Kb2 Ng3 42. Qxh6 Qxg4 43. Qf8 Qxh5 44. Qe7+ Kc6 45. Qe8+ Kd6 46. Qd8+ Ke5 47. Qc7+ Kf6 48. Qd8+ Kg7 49. Qd4+ e5 50. Qd6 Qe2+ 51. Kb3 Nf5 52. Qd7 Nd4+ 0-1

[Event "HUN-chT2 Erkel 1213"]
[Site "Hungary"]
[Date "2013.03.03"]
[Round "8.2"]
[White "Tornai, Imre"]
[Black "Hardicsay, Peter"]
[Result "1/2-1/2"]
[WhiteElo "2179"]
[BlackElo "2266"]
[PlyCount "113"]
[EventDate "2012.09.16"]
[EventType "team-tourn"]
[EventRounds "11"]
[EventCountry "HUN"]
[SourceTitle "EXT 2014"]
[Source "ChessBase"]
[SourceDate "2013.11.20"]
[SourceVersion "1"]
[SourceVersionDate "2013.11.20"]
[SourceQuality "1"]
[WhiteTeam "Foti"]
[BlackTeam "Szigetszentmiklos"]
[WhiteTeamCountry "HUN"]
[BlackTeamCountry "HUN"]

1. e4 c5 2. Nf3 Nc6 3. Nc3 Nf6 4. Bb5 g6 5. e5 Ng4 6. Bxc6 dxc6 7. h3 Nh6 8. g4 Bg7 9. d3 b6 10. Bf4 f5 11. exf6 exf6 12. Qe2+ Qe7 13. Qxe7+ Kxe7 14. 0-0-0 Rd8 15. d4 cxd4 16. Nxd4 Bd7 17. Rhe1+ Kf7 18. Ne4 Kg8 19. Nxf6+ Bxf6 20. Bxh6 Bxg4 21. hxg4 Bxd4 22. Rd2 Bc5 23. Rde2 Kf7 24. Re4 Re8 25. Bd2 Rxe4 26. Rxe4 Re8 27. Rf4+ Ke6 28. Kd1 h5 29. gxh5 gxh5 30. Rh4 Rh8 31. Ke2 Rh7 32. f3 b5 33. Be1 Kf5 34. Bf2 Be7 35. Rh1 Bf6 36. c3 h4 37. Bg1 h3 38. Bh2 Rg7 39. Bb8 Rh7 40. Ke3 a6 41. Kf2 Rh8 42. Bc7 Bh4+ 43. Bg3 Bg5 44. Re1 Bf4 45. Bxf4 Kxf4 46. Re4+ Kf5 47. Kg1 h2+ 48. Kh1 c5 49. a4 Rh3 50. axb5 axb5 51. Re8 Rh5 52. Rb8 Kf4 53. Rxb5 Kg3 54. Rb8 c4 55. Rg8+ Kxf3 56. b3 cxb3 57. Rb8 1/2-1/2

[Event "Budapest-chT1 Lilienthal 1213"]
[Site "Budapest"]
[Date "2012.12.09"]
[Round "5"]
[White "Tornai, Imre"]
[Black "Metaxasz, Vaszilisz"]
[Result "0-1"]
[WhiteElo "2179"]
[BlackElo "2151"]
[PlyCount "58"]
[EventDate "2012.09.30"]
[EventType "team-tourn"]
[EventRounds "11"]
[EventCountry "HUN"]
[SourceTitle "EXT 2019"]
[Source "ChessBase"]
[SourceDate "2018.10.10"]
[SourceVersion "1"]
[SourceVersionDate "2018.10.10"]
[SourceQuality "1"]
[WhiteTeam "Budapest Ujpest KSE"]
[BlackTeam "Taban Spartacus II"]
[WhiteTeamCountry "HUN"]
[BlackTeamCountry "HUN"]

1. e4 c5 2. Nf3 Nc6 3. d4 cxd4 4. Nxd4 Qb6 5. Nb3 Nf6 6. Nc3 e6 7. Bd3 a6 8. 0-0 Be7 9. Be3 Qc7 10. f4 d6 11. Qf3 0-0 12. g4 b5 13. g5 Nd7 14. f5 Nce5 15. Qg3 Kh8 16. Rf4 b4 17. Ne2 exf5 18. exf5 Nxd3 19. cxd3 Qc2 20. Bd4 Ne5 21. Re4 Bd8 22. Rxe5 dxe5 23. Qxe5 Rg8 24. Qe4 Bxf5 25. Qxf5 Qxe2 26. h4 Bc7 27. Qh3 Rad8 28. Rf1 Rxd4 29. Nxd4 Bb6 0-1

[Event "Budapest-chT1 Lilienthal 1213"]
[Site "Budapest"]
[Date "2012.11.25"]
[Round "4"]
[White "Kormos, Adam"]
[Black "Tornai, Imre"]
[Result "0-1"]
[WhiteElo "2227"]
[BlackElo "2179"]
[PlyCount "94"]
[EventDate "2012.09.30"]
[EventType "team-tourn"]
[EventRounds "11"]
[EventCountry "HUN"]
[SourceTitle "EXT 2019"]
[Source "ChessBase"]
[SourceDate "2018.10.10"]
[SourceVersion "1"]
[SourceVersionDate "2018.10.10"]
[SourceQuality "1"]
[WhiteTeam "Budapest EAC"]
[BlackTeam "Budapest Ujpest KSE"]
[WhiteTeamCountry "HUN"]
[BlackTeamCountry "HUN"]

1. e4 c5 2. Nf3 e6 3. d4 cxd4 4. Nxd4 Nf6 5. Nc3 Bb4 6. e5 Ne4 7. Qg4 Nxc3 8. Qxg7 Rf8 9. a3 Nb5+ 10. axb4 Nxd4 11. Bh6 Qe7 12. 0-0-0 Nf5 13. Qxf8+ Qxf8 14. Bxf8 Kxf8 15. b5 Ke7 16. Bd3 d5 17. Bxf5 exf5 18. Rxd5 Be6 19. Rd4 Nd7 20. Re1 Rc8 21. Rh4 Rc5 22. Rxh7 Nxe5 23. Kb1 Rxb5 24. h4 Kf8 25. Rh8+ Kg7 26. Ra8 Nc4 27. b3 a5 28. Kc1 Nb6 29. Rb8 Nd7 30. Rd8 Nc5 31. Re3 Ne4 32. g4 Nxf2 33. gxf5 Rxf5 34. Rg3+ Kf6 35. Rh8 Ne4 36. Rg1 Rf2 37. Kb2 Bf5 38. Ra8 Nc5 39. Rxa5 Rxc2+ 40. Ka3 Be6 41. Rf1+ Ke7 42. Rb5 Kd6 43. Rf3 Kc6 44. Rb4 b5 45. Rbf4 Na6 46. Rf2 b4+ 47. Ka4 Kb6 0-1

[Event "Budapest-chT1 Lilienthal 1213"]
[Site "Budapest"]
[Date "2012.10.14"]
[Round "2"]
[White "Radnai, Adam"]
[Black "Tornai, Imre"]
[Result "1-0"]
[WhiteElo "2274"]
[BlackElo "2179"]
[PlyCount "71"]
[EventDate "2012.09.30"]
[EventType "team-tourn"]
[EventRounds "11"]
[EventCountry "HUN"]
[SourceTitle "EXT 2019"]
[Source "ChessBase"]
[SourceDate "2018.10.10"]
[SourceVersion "1"]
[SourceVersionDate "2018.10.10"]
[SourceQuality "1"]
[WhiteTeam "Budapest RAC"]
[BlackTeam "Budapest Ujpest KSE"]
[WhiteTeamCountry "HUN"]
[BlackTeamCountry "HUN"]

1. Nf3 Nf6 2. g3 g6 3. b3 Bg7 4. Bb2 d6 5. d4 Bg4 6. Bg2 Nbd7 7. h3 Bxf3 8. Bxf3 c6 9. e4 Qc7 10. 0-0 0-0 11. Bg2 Nh5 12. Qd3 c5 13. c3 Rac8 14. Na3 a6 15. f4 e5 16. Rad1 Rfd8 17. Qf3 Rf8 18. dxe5 dxe5 19. Nc4 Nb6 20. Nxe5 Bxe5 21. fxe5 Qxe5 22. g4 Ng7 23. Qf2 Rc7 24. c4 Qe6 25. Qg3 Rd7 26. Qc3 f6 27. Rxd7 Nxd7 28. e5 Qxe5 29. Qxe5 fxe5 30. Bd5+ Kh8 31. Rxf8+ Nxf8 32. Bxb7 a5 33. Bxe5 Nd7 34. Bc3 Kg8 35. Bc6 Nb8 36. Bb5 1-0

[Event "HUN-chT2 Erkel 1112"]
[Site "Hungary"]
[Date "2012.03.12"]
[Round "7.1"]
[White "Simonyi, Zoltan"]
[Black "Tornai, Imre"]
[Result "1-0"]
[WhiteElo "2209"]
[BlackElo "2223"]
[PlyCount "211"]
[EventDate "2011.09.25"]
[EventType "team-tourn"]
[EventRounds "11"]
[EventCountry "HUN"]
[SourceTitle "EXT 2013"]
[Source "ChessBase"]
[SourceDate "2012.11.22"]
[SourceVersion "1"]
[SourceVersionDate "2012.11.22"]
[SourceQuality "1"]
[WhiteTeam "Ujszasz"]
[BlackTeam "Vaci"]
[WhiteTeamCountry "HUN"]
[BlackTeamCountry "HUN"]

1. d4 Nf6 2. c4 g6 3. Nc3 Bg7 4. e4 d6 5. Be2 0-0 6. Nf3 e5 7. 0-0 Nc6 8. d5 Ne7 9. Ne1 Nd7 10. f3 f5 11. g4 Nf6 12. Nd3 c6 13. Nf2 Qc7 14. Bd2 Bd7 15. b4 cxd5 16. cxd5 Qb6 17. Kg2 Qd4 18. Rc1 Rfc8 19. Rc2 a6 20. h3 Kf7 21. Bd3 f4 22. Qb1 g5 23. Rfc1 Ng6 24. Kf1 Nh4 25. Ke2 Bf8 26. a4 Be7 27. a5 Bd8 28. Ncd1 Rxc2 29. Rxc2 Ba4 30. Rc4 Qa7 31. Nb2 Bd7 32. Qc2 b6 33. Nbd1 Ne8 34. Nc3 bxa5 35. Na2 a4 36. Nc3 Nc7 37. Rc6 Bxc6 38. dxc6 Nb5 39. Nxb5 axb5 40. Bxb5 Qb6 41. Qc4+ Kg7 42. Qd5 Ng6 43. Bc4 Be7 44. Nd3 a3 45. b5 Rb8 46. Nb4 Kh6 47. Kd1 Bd8 48. Na6 a2 49. Bxa2 Qxb5 50. Nxb8 Qxb8 51. Qe6 Qc7 52. Bd5 Qe7 53. Qc8 Qc7 54. Qb7 Qxb7 55. cxb7 Bc7 56. Ba5 Bb8 57. Bd8 Nh4 58. Ke2 Kg6 59. Bb3 h6 60. Be6 Kg7 61. Ba5 Kf6 62. Bb3 Ke7 63. Ba4 Ke6 64. Bb6 Ke7 65. Bb5 Ke6 66. Bd8 Kf7 67. Bd7 Kf8 68. Be6 Ke8 69. Bf6 Kf8 70. Bb3 Bc7 71. Bd1 Bb8 72. Kd3 Kf7 73. Bd8 Ke8 74. Bf6 Kf7 75. Bd8 Ke8 76. Ba5 Kd7 77. Kc4 Kc6 78. Bd8 Ng2 79. Ba4+ Kxb7 80. Kd5 Ne1 81. Bd1 Kc8 82. Bf6 Bc7 83. Ke6 Nd3 84. Be2 Nc5+ 85. Kf7 Bd8 86. Bg7 Kd7 87. Bb5+ Kc7 88. Bxh6 Kb6 89. Be2 Kc6 90. Bg7 d5 91. Bf6 Bc7 92. exd5+ Kxd5 93. Bxg5 e4 94. Bf6 Nd7 95. g5 Be5 96. Ke7 Nxf6 97. gxf6 Bd6+ 98. Kf7 exf3 99. Bxf3+ Ke5 100. Kg6 Bf8 101. h4 Ke6 102. h5 Ke5 103. Bg2 Ke6 104. Bh3+ Ke5 105. f7 f3 106. h6 1-0

[Event "Budapest-chT1 Lilienthal 1112"]
[Site "Budapest"]
[Date "2011.12.04"]
[Round "4"]
[White "Tornai, Imre"]
[Black "Kerek, Krisztian"]
[Result "0-1"]
[WhiteElo "2223"]
[BlackElo "2300"]
[PlyCount "62"]
[EventDate "2011.10.02"]
[EventType "team-tourn"]
[EventRounds "11"]
[EventCountry "HUN"]
[SourceTitle "EXT 2020"]
[Source "ChessBase"]
[SourceDate "2019.10.17"]
[SourceVersion "1"]
[SourceVersionDate "2019.10.17"]
[SourceQuality "1"]
[WhiteTeam "Budapest Ujpest KSE"]
[BlackTeam "Barcza GSC"]
[WhiteTeamCountry "HUN"]
[BlackTeamCountry "HUN"]

1. e4 c5 2. Nf3 e6 3. Nc3 d6 4. d4 cxd4 5. Nxd4 Nf6 6. Bc4 Be7 7. Be3 0-0 8. Bb3 Na6 9. f4 Nc5 10. Qf3 a5 11. a4 e5 12. fxe5 dxe5 13. Nf5 Bxf5 14. Qxf5 Nxb3 15. cxb3 Qd3 16. Bg5 Bb4 17. Bxf6 Bxc3+ 18. bxc3 Qxc3+ 19. Kf2 Qb2+ 20. Kg3 Qxb3+ 21. Kh4 gxf6 22. Qxf6 Ra6 23. Qxe5 Rh6+ 24. Kg4 Qe3 25. Rhf1 Qe2+ 26. Rf3 f5+ 27. Kg3 f4+ 28. Rxf4 Qe3+ 29. Rf3 Rxf3+ 30. gxf3 Rg6+ 31. Kh4 Qf2+ 0-1

[Event "Budapest-chT1 Lilienthal 1112"]
[Site "Budapest"]
[Date "2011.10.16"]
[Round "2"]
[White "Eperjesi, Laszlo"]
[Black "Tornai, Imre"]
[Result "1/2-1/2"]
[WhiteElo "2199"]
[BlackElo "2223"]
[PlyCount "23"]
[EventDate "2011.10.02"]
[EventType "team-tourn"]
[EventRounds "11"]
[EventCountry "HUN"]
[SourceTitle "EXT 2020"]
[Source "ChessBase"]
[SourceDate "2019.10.17"]
[SourceVersion "1"]
[SourceVersionDate "2019.10.17"]
[SourceQuality "1"]
[WhiteTeam "Budapest Vasas II"]
[BlackTeam "Budapest Ujpest KSE"]
[WhiteTeamCountry "HUN"]
[BlackTeamCountry "HUN"]

1. d4 e6 2. c4 Nf6 3. Nf3 d5 4. e3 Bb4+ 5. Nbd2 0-0 6. a3 Bxd2+ 7. Bxd2 Ne4 8. Bd3 f5 9. 0-0 Nd7 10. Rc1 c6 11. Qe2 Rf6 12. Bxe4 1/2-1/2

[Event "HUN-chT2 Erkel 1011"]
[Site "Hungary"]
[Date "2011.05.15"]
[Round "11.2"]
[White "Tornai, Imre"]
[Black "Fordan, Tibor"]
[Result "1/2-1/2"]
[WhiteElo "2175"]
[BlackElo "2211"]
[PlyCount "61"]
[EventDate "2010.09.12"]
[EventType "team-tourn"]
[EventRounds "11"]
[EventCountry "HUN"]
[SourceTitle "EXT 2012"]
[Source "ChessBase"]
[SourceDate "2011.11.24"]
[SourceVersion "1"]
[SourceVersionDate "2011.11.24"]
[SourceQuality "1"]
[WhiteTeam "Vaci"]
[BlackTeam "Barcza"]
[WhiteTeamCountry "HUN"]
[BlackTeamCountry "HUN"]

1. e4 e5 2. Nf3 Nc6 3. Bb5 a6 4. Ba4 Nf6 5. 0-0 Nxe4 6. d4 b5 7. Bb3 d5 8. dxe5 Be6 9. c3 Be7 10. Nbd2 Nc5 11. Qe2 d4 12. Bxe6 Nxe6 13. Qe4 Qd7 14. cxd4 Rd8 15. Nb3 Ncxd4 16. Nfxd4 Nxd4 17. Nxd4 Qxd4 18. Qc6+ Rd7 19. Qa8+ Bd8 20. Qxa6 Qxe5 21. a4 0-0 22. Qxb5 Qxb5 23. axb5 Rd5 24. Be3 Rxb5 25. Bd4 Be7 26. Rfc1 Bd6 27. Ra6 h6 28. g3 Re8 29. Kf1 Rb3 30. Bc3 Rb5 31. Rc2 1/2-1/2

[Event "Budapest-chT1 Lilienthal 1011"]
[Site "Budapest"]
[Date "2011.01.23"]
[Round "7"]
[White "Tornai, Imre"]
[Black "Horvath, David G"]
[Result "1-0"]
[WhiteElo "2175"]
[BlackElo "2305"]
[PlyCount "66"]
[EventDate "2010.09.19"]
[EventType "team-tourn"]
[EventRounds "11"]
[EventCountry "HUN"]
[SourceTitle "EXT 2020"]
[Source "ChessBase"]
[SourceDate "2019.10.17"]
[SourceVersion "1"]
[SourceVersionDate "2019.10.17"]
[SourceQuality "1"]
[WhiteTeam "Budapest Ujpest KSE"]
[BlackTeam "Csepel"]
[WhiteTeamCountry "HUN"]
[BlackTeamCountry "HUN"]

1. d4 Nf6 2. c4 e6 3. Nc3 Bb4 4. Qc2 c5 5. dxc5 0-0 6. Nf3 Nc6 7. e3 Bxc5 8. a3 d5 9. b4 Bb6 10. Bb2 Qe7 11. Rd1 Rd8 12. c5 Bc7 13. Nb5 Bb8 14. Nbd4 e5 15. Nf5 Qe8 16. Ng3 a6 17. Be2 h6 18. 0-0 Bg4 19. h3 Be6 20. Nh4 Bc7 21. Nhf5 Ne7 22. Bg4 Ng6 23. Nh5 Nxh5 24. Bxh5 Ne7 25. Bg4 Bxf5 26. Bxf5 e4 27. Bg4 f5 28. Qc3 d4 29. Rxd4 Qg6 30. Bh5 Qh7 31. Qc4+ Kh8 32. Rfd1 Nc6 33. Rxd8+ Rxd8 1-0

[Event "Budapest-chT1 Lilienthal 1011"]
[Site "Budapest"]
[Date "2010.11.14"]
[Round "4"]
[White "Tornai, Imre"]
[Black "Rigo, Janos"]
[Result "0-1"]
[WhiteElo "2175"]
[BlackElo "2313"]
[PlyCount "78"]
[EventDate "2010.09.19"]
[EventType "team-tourn"]
[EventRounds "11"]
[EventCountry "HUN"]
[SourceTitle "EXT 2020"]
[Source "ChessBase"]
[SourceDate "2019.10.17"]
[SourceVersion "1"]
[SourceVersionDate "2019.10.17"]
[SourceQuality "1"]
[WhiteTeam "Budapest Ujpest KSE"]
[BlackTeam "Budapest Honved III"]
[WhiteTeamCountry "HUN"]
[BlackTeamCountry "HUN"]

1. e4 c5 2. Nf3 d6 3. d4 cxd4 4. Nxd4 Nf6 5. Nc3 g6 6. Be3 Bg7 7. h3 0-0 8. Bc4 Nbd7 9. 0-0 Nc5 10. Qf3 a6 11. Nde2 b5 12. Bd5 Nxd5 13. exd5 b4 14. Nd1 Bb7 15. c4 Na4 16. Bd4 e5 17. Qb3 Qd7 18. Be3 a5 19. Qc2 Rac8 20. b3 Bxd5 21. Qd2 Bxc4 22. bxc4 Rxc4 23. Nb2 Nxb2 24. Qxb2 f5 25. Qb3 d5 26. Rad1 Qc6 27. f4 a4 28. Qb1 Re4 29. Qd3 Re8 30. Ng3 exf4 31. Bxf4 Rd4 32. Qf3 Qc4 33. Be3 Rxd1 34. Rxd1 Qxa2 35. Bc5 Qc4 36. Rxd5 a3 37. Nxf5 gxf5 38. Rxf5 a2 39. Qc6 a1Q+ 0-1

[Event "HUN-chT2 Erkel 1011"]
[Site "Hungary"]
[Date "2010.10.10"]
[Round "3.2"]
[White "Molnar, Laszlo"]
[Black "Tornai, Imre"]
[Result "1/2-1/2"]
[WhiteElo "2179"]
[BlackElo "2175"]
[PlyCount "61"]
[EventDate "2010.09.12"]
[EventType "team-tourn"]
[EventRounds "11"]
[EventCountry "HUN"]
[SourceTitle "EXT 2012"]
[Source "ChessBase"]
[SourceDate "2011.11.24"]
[SourceVersion "1"]
[SourceVersionDate "2011.11.24"]
[SourceQuality "1"]
[WhiteTeam "Ujszasz"]
[BlackTeam "Vaci"]
[WhiteTeamCountry "HUN"]
[BlackTeamCountry "HUN"]

1. d4 Nf6 2. c4 g6 3. Nc3 Bg7 4. Nf3 d6 5. g3 0-0 6. Bg2 Nbd7 7. 0-0 e5 8. h3 c6 9. e4 Qe7 10. Be3 Ne8 11. Qc2 f5 12. exf5 gxf5 13. dxe5 dxe5 14. Rae1 e4 15. Nd2 Ne5 16. f3 Nd3 17. Re2 f4 18. Bxf4 Nxf4 19. gxf4 Qc5+ 20. Kh1 e3 21. Nde4 Qh5 22. Qd3 Bxh3 23. Bxh3 Qxh3+ 24. Rh2 Qf5 25. Qxe3 Qxf4 26. Qxf4 Rxf4 27. Rd2 Nf6 28. Kg2 Nxe4 29. Nxe4 Raf8 30. b3 R4f7 31. Rd3 1/2-1/2